banner koha

Produtos orgânicos: sistemas participativos de garantia (Registro n. 339327)

MARC details
000 -LÍDER
Campo de controle fixo 00876nam a22002777a 4500
001 - NÚMERO DE CONTROLE
Número de controle BR2025005261
003 - CÓDIGO MARC DA AGÊNCIA CATALOGADORA
Campo de controle BR-BrBNA
005 - DATA E HORA DA ÚLTIMA ATUALIZAÇÃO
Campo de controle 20251203130340.0
008 - CAMPO DE TAMANHO FIXO
Campo fixo de controle 251203b bl.||||| |||| 00| 0 por d
020 ## - ISBN - INTERNATIONAL STANDARD BOOK NUMBER
ISBN 978-85-99851-45-6
040 ## - FONTE DA CATALOGAÇÃO
Agência catalogadora BR-BrBNA
Idioma da catalogação por
041 ## - CÓDIGO DO IDIOMA
Código do Idioma por
072 ## - CATEGORIA AGRIS
Código da categoria de assunto/objeto <a href="F08 ; D50 ; Q02 ; E16 ; E70 ">F08 ; D50 ; Q02 ; E16 ; E70 </a>
090 ## - NÚMERO DE CHAMADA
Localização na estante F08 BR2025005261
110 ## - ENTRADA PRINCIPAL - ENTIDADE
Nome da entidade ou lugar Ministério da Agricultura, Pecuária e Abastecimento, Brasília, DF (Brasil). Secretaria de Desenvolvimento Agropecuário e Cooperativismo
245 ## - TÍTULO PRINCIPAL
Título principal Produtos orgânicos: sistemas participativos de garantia
260 ## - IMPRENTA (PUBLICAÇÃO, DISTRIBUIÇÃO, ETC.)
Lugar de publicação, distribuição, etc. Brasília, DF (Brasil)
Data de publicação, distribuição, etc 2015
300 ## - DESCRIÇÃO FÍSICA
Extensão 44 p.
500 ## - NOTA GERAL
Notas gerais 20 illus.
650 ## - ASSUNTO - THESAGRO
Cabeçalho tópico ou nome geográfico AGRICULTURA ORGÂNICA
650 ## - ASSUNTO - THESAGRO
Cabeçalho tópico ou nome geográfico PRODUÇÃO ORGÂNICA
650 ## - ASSUNTO - THESAGRO
Cabeçalho tópico ou nome geográfico CERTIFICAÇÃO ORGÂNICA
650 ## - ASSUNTO - THESAGRO
Cabeçalho tópico ou nome geográfico SELO DE QUALIDADE
909 ## - IDENTIFICAÇÃO DO CATALOGADOR
Ano e mês da catalogação (aaaamm) 202512
Identificação do catalogador Fernando
942 ## - TIPO ESPECÍFICO
Tipo de material Livros
952 ## - LOCATION AND ITEM INFORMATION (KOHA)
-- 2025-12-03
952 ## - LOCATION AND ITEM INFORMATION (KOHA)
-- 2025-12-03
Exemplares
Status de empréstimo Fonte de classificação Status de danificação Não pode ser emprestado Código da coleção Localização permanente Localização atual Localização na estante Total Checkouts Número de chamada Código de barras Número de exemplar Tipo de material
  Classificação AGRIS     Agrobase Biblioteca Nacional de Agricultura - Binagri Biblioteca Nacional de Agricultura - Binagri Agrobase - Acervo Geral   F08 BR2025005261 2025-7249 ex. 1 Livros
  Classificação AGRIS     Agrobase Biblioteca Nacional de Agricultura - Binagri Biblioteca Nacional de Agricultura - Binagri Agrobase - Acervo Geral   F08 BR2025005261 2025-7250 ex. 2 Livros

BINAGRI

Telefone: (61)3218-2567/2388/3357/2097 - binagri@agro.gov.br

Ministério da Agricultura e Pecuária , Esplanada dos Ministérios, Bloco D, Anexo B, Brasília/DF, CEP: 70.043-900